000 01082nam a22002297a 4500
999 _c22022
_d22022
003 AR-CdUCM
008 190425b ||||| |||| 00| 0 spa d
040 _aMUNICIPALIDAD PROVINCIAL DEL CUSCO
_cBIBLIOTECA MUNICIPAL DEL CUSCO
082 _aKosko/N°68/1934
245 _aKosko revista libre /
_cLuis Felipe Paredes. Director. Roberto Latorre. Fundador y propietario
260 _aCusco.
_bTalleres tipográficos trabajo,
_c1934.
300 _a20 páginas. :
_c26 cm.
440 _aKosko revista libre.
_nAño III, N°68,22 de agosto de1934.
_947186
505 _aContenido: Guía profesional. -- La sublevación de indios en Ancahs. -- Sin anda. -- Un capitulo de la nueva tierra. -- Bocetos a espátula. -- Minuto celeste. -- Nueva huelga ferroviaria. -- Oleo de Fortunato Salvatierra -- Guía industrial.
650 _aHistorias del Cusco
_947166
650 _aPublicidad cusqueña
_947185
650 _aSiglo XX
_947176
700 _aLa Torre, Roberto
_eFundador y propietario
_947183
700 _aParedes. Luis Felipe
_eDirector
_916077
942 _2ddc
_cPP
945 _avhl